00477nam a22001572 4500001001100000005001700011008004100028040001500069100005600084245007100140250001300211260004100224300001600265650003500281852000300316000001913720151021151131.0100928s xx 000 0 eng d aKABUcKABU1 aPrabhupadia, A. C. Bhaktivedanta Swami.@000017879110aBhagavad-Gita as it is /c, A. C. Bhaktivedanta Swami Prabhupadia. a3nd ed. aMumbai :bBhktivedanta Books,c1986. axx, 924 p. 0aSamskrisxHistory.@00001787921